000 00466nam a2200169 a 4500
001 0000-8658
003 ELIB.Books
008 110520 1982
035 _a(ELIB.Books)0000-8804
082 _aR
_bWor
100 _aWorld Book
245 _aThe World Book Encyclopedia ( vol - 13)
260 _bChicago: World Book Childcraft International, Inc.
_c1982
650 _aWorld Book Encyclopedia
942 _2ddc
_cBK
998 _cbat
_e2011-05-20
999 _c8658
_d8658